Tramwaje Warszawa- Linia 20 (przystanki) - Statystyki

Ogólne statystyki
  • Ten quiz został rozwiązany 87 razy
  • Średni wynik to 20 z 37
Statystyki odpowiedzi
Numer przystanku Nazwa przystanku % Poprawnych
1. Boernerowo
93%
11. Koło
73%
2. Stare Bemowo
73%
4. WAT
71%
37. Żerań FSO
71%
25. Stare Miasto
70%
23. Kino Femina
68%
27. Dworzec Wileński
64%
24. Metro Ratusz-Arsenał
64%
10. Marynin
63%
20. Zajezdnia Wola
63%
22. Wola-ratusz
61%
12. Dalibora
59%
13. Deotymy
59%
21. Okopowa
59%
26. Park Praski
59%
15. PKP Koło
59%
7. Osiedle Zielony Staw
57%
3. Archimedesa
55%
14. Magistracka
55%
5. Kocjana
54%
19. Młynarska
52%
17. Młynów
52%
28. Ratuszowa-ZOO
52%
36. Dyrekcja FSO
50%
6. Fort Blizne
50%
30. Rondo Starzyńskiego
48%
18. Długosza
45%
32. PIMot
45%
29. Plac Hallera
45%
16. Wawrzyszewska
45%
35. Budzińskiej-Tylickiej
43%
31. Golędzinów
41%
34. Śliwice
41%
33. Batalionu Platerówek
39%
9. Siodlarska
38%
8. Dywyizjonu 303
2%
Nie znaleziono quizów pasujących do podanych kryteriów
Rozkład punktacji
Procent ludzi z każdym wynikiem
Percentyl według liczby udzielonych odpowiedzi
Twoja historia wyników
Nie rozwiązałeś tego quizu